00841nam a2200265 a 4500001001000000003000900010005001700019008004100036040002500077082002600102100004500128245005800173250001100231260007600242300002100318490001200339490001800351500005700369500004200426586002600468650002400494650002700518830001200545830001800557000009793DO-SdBNP20260312102327.0091001s1958 dr 000 p spa d aDO-SdBNPbspacBNPHU aRD861.42bF363b, 19581 aFernández Spencer, Antonio,d1922-199510aBajo la luz del día /cAntonio Fernández Spencer. a2a ed. aCiudad Trujillo, República Dominicana :bImpresora Dominicana,c1958. a124 p. ;c24 cm.1 aArquero1 aVerso y Prosa aIncluye datos biográficos del autor en las solapas aIncluye notas al pie de las páginas aPremio Adonais , 1952 0aPoesía dominicana 0aLiteratura dominicana. 0aArquero 0aVerso y Prosa